00519nam a2200121Ia 4500008004100000082001500041245008900056260004400145300001100189440004400200650010000244700005300344120622s9999 xx 000 0 und d a337.9 I61i aIntegración económica / Selec. de S. Andic y S. Teitel ; Tr. Eduardo L. Suárez aMéxico : Fondo de Cultura Económica a692 p. aEl trimestre económico. Lecturas ; 19 a1. UNIONES ADUANERAS - TEORIA \ 2. INTEGRACION ECONOMICA INTERNACIONAL \ 3. ARANCELES DE ADUANA aAndic, Suphan, comp. \ Teitel, Simón, comp.Ì